| 000 | 02294nam2a2200229 4500 | ||
|---|---|---|---|
| 001 | RU\NLR\BIBL_A\011361617 | ||
| 005 | 20250626052440.0 | ||
| 035 | _a(NLR Aleph) 011361617 | ||
| 090 |
_a11301491 _c11301491 |
||
| 100 | _a20170405d1977 |||y0rusy50 ca | ||
| 101 | 0 | _arus | |
| 102 | _aRU | ||
| 105 | _ay|||g|||000zy | ||
| 200 | 0 | _aЧ. 2 | |
| 210 |
_d1977 _aБ. м. |
||
| 215 | _a157 с. | ||
| 461 | 0 |
_1001RU\NLR\BIBL_A\011362691 _12001#$aИммунология некоторых инфекционных заболеваний (коклюша, парококлюша, стафилококковых инфекций, кандидамикоза, гриппа), бронхиальной астмы, рассеяного склероза и экспериментального энцефаломиелита$eотечественная литература, 1970-1976 гг. (выборочно)$eбиблиографический указатель$fРостовский государственный медицинский институт, Кафедра микробиологии санитарно-гигиенического, факультета, Научная библиотека$g[составители: Р.И. Авророва и другие$gнаучный редактор: профессор Е.П. Москаленко]$vЧ. 2 _911306855 _cРостов-на-Дону _d1977 _fРостовский государственный медицинский институт, Кафедра микробиологии санитарно-гигиенического, факультета, Научная библиотека _n[б. и.] _oотечественная литература, 1970-1976 гг. (выборочно) : библиографический указатель _tИммунология некоторых инфекционных заболеваний (коклюша, парококлюша, стафилококковых инфекций, кандидамикоза, гриппа), бронхиальной астмы, рассеяного склероза и экспериментального энцефаломиелита _vЧ. 2 |
|
| 942 | _cBOOK | ||
| 980 | _aNB | ||